Movies at the Half-Hour Mark (1970s) Quiz Stats

 Plays Quiz Updated Jun 23, 2017

Support Sporcle.
Go Orange.
Score 0/20 Timer 05:00
0 Plays Today
% Correct
Star Wars
99.1%
Taxi Driver
86%
One Flew Over the Cuckoo's Nest
83.7%
Monty Python and the Holy Grail
83%
Blazing Saddles
82.4%
Annie Hall
82.2%
Grease
81%
Apocalypse Now
76.7%
A Clockwork Orange
76.3%
Dirty Harry
75.2%
% Correct
Animal House
69.7%
The Jerk
66.6%
Enter the Dragon
62%
Cabaret
56.9%
Dog Day Afternoon
49.5%
Close Encounters of the Third Kind
46.2%
M*A*S*H
34.5%
The Warriors
32.9%
Chinatown
31%
Willy Wonka and the Chocolate Factory
27.5%

You're not logged in!

Compare scores with friends on all Sporcle quizzes.
OR
Log In
Forgot?

From the Vault

Follow That Line: Star Wars

by AngrySi

Loudly exclaiming 'These are not the droids you are looking for' is an easy way to get out of any conversation.
Remove Ads.
Support Sporcle.
Get the best of Sporcle when you Go Orange. This ad-free experience offers more features, more stats, and more fun while also helping to support Sporcle. Thank you for becoming a member.

Show Comments

Extras

Top Quizzes Today


Score Distribution

Your Account Isn't Verified!

In order to create a playlist on Sporcle, you need to verify the email address you used during registration. Go to your Sporcle Settings to finish the process.

Report this User

Report this user for behavior that violates our Community Guidelines.

Details: